00892cam a22002417a 4500003000500000005001700005008004100022010001000063011001000073035001000083040000900093100003600102245015200138260006600290300001900356410006300375490003400438650002100472700002500493700003500518810006300553830003400616CHAP20220817043425.0980317d1992 mx a r 00110 spa d a74988 a75960 a85534 cCHAP00aRodríguez Montalvo, Flavio A.10aManual de producción de sorgo para grano en el estado de Veracruzc/por Flavio A. Rodríguez Montalvo, José Romero Mora y Carlos Tinoco Alfaro aVeracruz, Ver. :bINIFAP. Campo Experimental Cotaxtla,c1992. a12 p. :bilus.21aINIFAP. Campo Experimental CotaxtlabDivisión Agrícola 0aFolleto para productoresv; 114aSorgoxVeracruz.0 aRomero Mora, José.0 aTinoco Alfaro, Carlos Alberto.00aINIFAP. Campo Experimental CotaxtlabDivisión Agrícola0 aFolleto para productoresv; 1